000 00451nam a2200169Ia 4500
003 GCL
008 140319s9999 xx 000 0 eng d
040 _aGCL /
_cGCL
082 0 4 _a423
_bO L
100 1 _aWAITE, MAURICE
245 1 0 _aTHE LITTLE OXFORD DICTIONARY OF CURRENT ENGLISH /
_cWAITE, MAURICE
260 _a[S.N] :
_bCLARENDON PRESS ،
_c1994
300 _a786 P
650 0 4 _aDICTIONARIES
650 0 4 _aENGLISH LANGUAGE
942 _2ddc
_cBK
999 _c10579
_d10579